| 000 | 01169nam a2200241 a 4500 | ||
|---|---|---|---|
| 008 | 120416s2000 ||||||||||||||||| || u | ||
| 020 | _a0201648601 | ||
| 050 | _aQA 76.758 Ste | ||
| 100 | _aStevens, Perdita | ||
| 245 | 1 | 0 | _aUsing UML: software engineering with objects and components. (2nd ed.) |
| 260 |
_aHarlow, Eng: _bAddison-Wesley _c2000 |
||
| 300 | _axx, 256p.: ill. | ||
| 350 | _a0.00 | ||
| 490 | _aAddison-Wesley object technology series | ||
| 500 | _aPrevious ed. gives Pooley as first author. | ||
| 650 | 7 |
_aSOFTWARE ENGINEERING _2gnd |
|
| 650 | _aCOMPUTERS | ||
| 650 | _aUML (COMPUTER SCIENCE) | ||
| 700 | _aPooley, Rob J | ||
| 995 |
_aMAIN LIBRARY OPEN ACCESS _e748851 _FCBU-MAIN LIBRARY (Kitwe) _I0.00 _jQA 76.758 Ste _M3 _UAVAILABLE _WJan 31, 2019 _y748851 _ZMain Library Open Access Collection |
||
| 995 |
_aBINDERY (DAMAGED) _D0.00 _e733808 _FCBU-MAIN LIBRARY (Kitwe) _H1 _I0.00 _jQA 76.758 Ste _M1 _UDAMAGED _WMay 19, 2006 _y46036 _ZMain Library Open Access Collection |
||
| 995 |
_aMAIN LIBRARY OPEN ACCESS _D0.00 _e742101 _FCBU-MAIN LIBRARY (Kitwe) _H1 _I0.00 _jQA 76.758 STE _M2 _UAVAILABLE _VMar 7, 2013 _WNov 22, 2010 _y742101 _ZMain Library Open Access Collection |
||
| 999 |
_c78621 _d78621 |
||